Countries visited by the Simpsons - Statistics

General Stats
  • This quiz has been taken 90 times
    34 since last reset
  • The average score is 14 of 18
Answer Stats
Answer % Correct
Australia
97%
Canada
97%
Mexico
97%
United Kingdom
97%
India
94%
China
91%
France
91%
Italy
91%
Japan
91%
Brazil
88%
Ireland
82%
Cuba
76%
Iceland
76%
Denmark
73%
Israel
67%
Netherlands
64%
Peru
42%
Tanzania
21%
No matching quizzes found
Score Distribution
Percent of People with Each Score
Percentile by Number Answered
Your Score History
You have not taken this quiz since the last reset